00411nam a2200157Ia 4500008004100000020001800041082001300059100001600072245003100088250000600119260003900125300001700164500002400181650001600205700003200221230524s9999 xx 000 0 und d a9789381141328 a515bSID aA.H.Siddiqi 0aCalculus with Applications a1 aNew DelhibI.K.Internationalc2012 a"XIII,591p;" aQuantity Number: 1 aMathamatics aPammy Manchanda & M.Brokate